| 000 | 00951nam a22002537a 4500 | ||
|---|---|---|---|
| 003 | BD-DhJNU | ||
| 005 | 20250204043423.0 | ||
| 008 | 250204b |||||||| |||| 00| 0 eng d | ||
| 020 | _a9789845061261 | ||
| 040 |
_aBD-DhJNU _bENG _cBD-DhJNU _dBD-DhJNU |
||
| 082 |
_223 _a351.59 KHF |
||
| 100 | _aKhan, Mohammad Mohabbat | ||
| 245 |
_aFrom government to governance : _bexpanding the horizon of public administration to public management / _cMohammad Mohabbat Khan |
||
| 260 |
_aDhaka : _bThe University Press, _c2013. |
||
| 300 |
_axvi, 289p. : _bill. ; _c22 cm. |
||
| 504 | _aIncludes bibliographical references and index | ||
| 650 | _aPublic administration Southeast Asia | ||
| 650 | _aBangladesh Politics and government | ||
| 650 | _aSoutheast Asia Politics and government | ||
| 650 | _aCivil service Bangladesh | ||
| 650 | _aPublic administration Bangladesh | ||
| 650 | _aCivil service reform Southeast Asia | ||
| 942 |
_2ddc _cBK _n0 |
||
| 999 |
_c1231 _d1231 |
||